Zoomed in Country Flags - Statistics

General Stats
  • This quiz has been taken 62 times
  • The average score is 13 of 16
Answer Stats
Picture Answer % Correct
China
98%
United States
98%
Israel
89%
Brazil
85%
Kenya
85%
New Zealand
81%
Sri Lanka
81%
Vatican City
81%
Nepal
79%
Fiji
77%
Mozambique
77%
Brunei
74%
Malta
74%
Georgia
72%
Madagascar
70%
Oman
66%
No matching quizzes found
Score Distribution
Percent of People with Each Score
Percentile by Number Answered
Your Score History
You have not taken this quiz